Chelsea - Strzelcy Bramek w LM (2010-2019) - Statystyki

Ogólne statystyki
  • Ten quiz został rozwiązany 54 razy
  • Średni wynik to 18 z 40
Statystyki odpowiedzi
Bramki Nardowość Zawodnik % Poprawnych
10 Iworyjczyk Didier Drogba
98%
8 Belg Eden Hazard
93%
4 Anglik John Terry
80%
10 Hiszpan Fernando Torres
78%
2 Hiszpan Diego Costa
71%
10 Brazylijczyk Willian
71%
4 Anglik Frank Lampard
69%
8 Brazylijczyk Oscar
64%
5 Serb Branislav Ivanovic
62%
1 Chorwat Mateo Kovacic
62%
3 Senegalczyk Demba Ba
56%
5 Hiszpan Juan Mata
56%
1 Ghańczyk Michael Essien
56%
1 Hiszpan Alvaro Morata
53%
3 Kameruńczyk Samuel Eto'o
53%
2 Serb Nemanja Matic
51%
2 Włoch Jorginho
49%
3 Hiszpan Cesar Azpilicueta
47%
7 Brazylijczyk Ramires
47%
4 Anglik Gary Cahill
44%
4 Hiszpan Cesc Fabregas
42%
1 Amerykanin Christian Pulisic
42%
4 Brazylijczyk David Luiz
42%
2 Nigeryjczyk John Obi Mikel
42%
1 Nigeryjczyk Victor Moses
40%
1 Hiszpan Pedro Rodriguez
38%
3 Iworyjczyk Salomon Kalou
38%
2 Niemiec Andre Schurrle
36%
7 Francuz Nicolas Anelka
33%
1 Francuz Florent Malouda
31%
1 Rosjanin Jurij Żyrkow
24%
1 Francuz Loic Remy
24%
1 Włoch Davide Zappacosta
20%
3 Belg Michy Batshuayi
20%
1 Anglik Reece James
20%
2 Portugalczyk Raul Meireles
18%
2 Anglik Daniel Sturridge
13%
1 Francuz Kurt Zouma
11%
2 Anglik Tammy Abraham
9%
1 Francuz Tiemoue Bakayoko
2%
Nie znaleziono quizów pasujących do podanych kryteriów
Rozkład punktacji
Procent ludzi z każdym wynikiem
Percentyl według liczby udzielonych odpowiedzi
Twoja historia wyników
Nie rozwiązałeś tego quizu